| 000 | 00623nam a22002057a 4500 | ||
|---|---|---|---|
| 999 |
_c11997 _d11997 |
||
| 003 | AR-CdUCM | ||
| 008 | 190405b ||||| |||| 00| 0 spa d | ||
| 020 | _a0 19 433634 4 | ||
| 040 |
_aMUNICIPALIDAD PROVINCIAL DEL CUSCO _cBIBLIOTECA MUNICIPAL DEL CUSCO |
||
| 082 |
_aEP / 373.428 / _bH79 |
||
| 100 |
_aHowe, D H _929645 |
||
| 245 | _aStart with English 3 / | ||
| 260 |
_aReino Unido : _bOxford University Press |
||
| 300 |
_a112 páginas ; _bIlustraciones _c25cm |
||
| 505 | _aContenido: Basic English course | ||
| 650 |
_aEnglish _93350 |
||
| 650 |
_aCourse _929646 |
||
| 942 |
_2ddc _cLIBROS |
||
| 945 | _a2019-04-05 | ||